| 000 | 00528 a2200181 4500 | ||
|---|---|---|---|
| 003 | OSt | ||
| 005 | 20260309093821.0 | ||
| 008 | 260307b |||||||| |||| 00| 0 eng d | ||
| 020 | _a9789362546258 | ||
| 040 | _coclc | ||
| 082 |
_a894.812301 _bZAC/T |
||
| 100 |
_aZachariah, K C _91025 |
||
| 245 |
_aTHEEVANDIKKOLLAYUM JANAPRIYAKATHAKALUM / _cZachariah |
||
| 250 | _a1st Ed. | ||
| 260 |
_aKottayam: _bD C Books. _c2024, |
||
| 300 | _a208 pages | ||
| 942 |
_2ddc _cBK _h894.812301 _iZAC/T _k894.812301 _mZAC/T |
||
| 999 |
_c44685 _d44685 |
||